<?xml version="1.0" encoding="UTF-8"?>
<record
    xmlns:xsi="http://www.w3.org/2001/XMLSchema-instance"
    xsi:schemaLocation="http://www.loc.gov/MARC21/slim http://www.loc.gov/standards/marcxml/schema/MARC21slim.xsd"
    xmlns="http://www.loc.gov/MARC21/slim">

  <leader>02958njm a2200493Ia 4500</leader>
  <controlfield tag="001">23886</controlfield>
  <controlfield tag="003">IT-RoPAU</controlfield>
  <controlfield tag="005">20220918181158.0</controlfield>
  <controlfield tag="008">131025s9999    xx            000 0 und d</controlfield>
  <datafield tag="040" ind1=" " ind2=" ">
    <subfield code="a">IT-RoPAU</subfield>
  </datafield>
  <datafield tag="040" ind1=" " ind2=" ">
    <subfield code="c">IT-RoPAU</subfield>
  </datafield>
  <datafield tag="999" ind1=" " ind2=" ">
    <subfield code="c">102744</subfield>
    <subfield code="d">102744</subfield>
  </datafield>
  <datafield tag="999" ind1=" " ind2=" ">
    <subfield code="b">n.d.</subfield>
  </datafield>
  <datafield tag="100" ind1=" " ind2=" ">
    <subfield code="a">AA.VV.</subfield>
    <subfield code="9">794</subfield>
  </datafield>
  <datafield tag="100" ind1=" " ind2=" ">
    <subfield code="e">Autore musica</subfield>
    <subfield code="9">6986</subfield>
  </datafield>
  <datafield tag="100" ind1=" " ind2=" ">
    <subfield code="g">Codice autore musica SPICS: 12000</subfield>
    <subfield code="9">796</subfield>
  </datafield>
  <datafield tag="245" ind1=" " ind2=" ">
    <subfield code="a">O sole mio! (Lp Sm 3532)</subfield>
  </datafield>
  <datafield tag="250" ind1=" " ind2=" ">
    <subfield code="a">1a ed.</subfield>
  </datafield>
  <datafield tag="260" ind1=" " ind2=" ">
    <subfield code="a">MILANO</subfield>
  </datafield>
  <datafield tag="260" ind1=" " ind2=" ">
    <subfield code="b">JOKER - W. GURTLER</subfield>
    <subfield code="c">1973 [1a Ed.:1973]</subfield>
  </datafield>
  <datafield tag="300" ind1=" " ind2=" ">
    <subfield code="a">DISCO</subfield>
  </datafield>
  <datafield tag="300" ind1=" " ind2=" ">
    <subfield code="c">38 minuti (Testo:  pag.)</subfield>
  </datafield>
  <datafield tag="500" ind1=" " ind2=" ">
    <subfield code="a">Canzone napoletana strumentale. Mandolini</subfield>
  </datafield>
  <datafield tag="505" ind1=" " ind2=" ">
    <subfield code="a">Marechiare (3:00) - O sole mio (3:00) - O surdato 'nnamurato (4:00) - Canzone appassiunata (4:00) - Comme facette mammeta? (3:00) - Era de maggio (4:00) - Funicul&#xEC; funicul&#xE0; (4:00) - Maria, Mar&#xEC;! (4:00) - Ndringhete 'ndr&#xE0; (4:00) - O marenariello (4:00) - Oil&#xEC;, oil&#xE0;! (4:00) - Furturella (3:00)</subfield>
  </datafield>
  <datafield tag="511" ind1=" " ind2=" ">
    <subfield code="a">Orchestra e mandolini napoletani "Santa Lucia"</subfield>
  </datafield>
  <datafield tag="650" ind1=" " ind2=" ">
    <subfield code="a">CANZONE NAPOLET [DISCHI]</subfield>
    <subfield code="e">Codice MATERIA SPICS: 9950</subfield>
    <subfield code="9">6987</subfield>
  </datafield>
  <datafield tag="700" ind1=" " ind2=" ">
    <subfield code="a">Orchestra e mandolini napoletani Santa Lucia</subfield>
    <subfield code="g">Codice interprete SPICS: 14003</subfield>
    <subfield code="9">6988</subfield>
    <subfield code="e">Interprete</subfield>
  </datafield>
  <datafield tag="700" ind1=" " ind2=" ">
    <subfield code="a">Tosti Francesco Paolo</subfield>
    <subfield code="g">Codice autore musica SPICS: 13473</subfield>
    <subfield code="e">Autore musica</subfield>
    <subfield code="p">Marechiare</subfield>
    <subfield code="9">6989</subfield>
  </datafield>
  <datafield tag="700" ind1=" " ind2=" ">
    <subfield code="a">Di Giacomo Salvatore</subfield>
    <subfield code="g">Codice autore SPICS: 13668</subfield>
    <subfield code="e">Autore</subfield>
    <subfield code="p">Marechiare - Era de maggio - Oil&#xEC;, oil&#xE0;!</subfield>
    <subfield code="9">6990</subfield>
  </datafield>
  <datafield tag="700" ind1=" " ind2=" ">
    <subfield code="a">Capurro Giovanni</subfield>
    <subfield code="g">Codice autore musica SPICS: 13137</subfield>
    <subfield code="e">Autore musica</subfield>
    <subfield code="p">O sole mio</subfield>
    <subfield code="9">6991</subfield>
  </datafield>
  <datafield tag="700" ind1=" " ind2=" ">
    <subfield code="a">Di Capua Edoardo</subfield>
    <subfield code="g">Codice autore SPICS: 13138</subfield>
    <subfield code="e">Autore</subfield>
    <subfield code="p">O sole mio - Maria, Mar&#xEC;!</subfield>
    <subfield code="9">6992</subfield>
  </datafield>
  <datafield tag="700" ind1=" " ind2=" ">
    <subfield code="a">Califano Aniello</subfield>
    <subfield code="g">Codice autore musica SPICS: 13470</subfield>
    <subfield code="e">Autore musica</subfield>
    <subfield code="p">O surdato 'nnamurato</subfield>
    <subfield code="9">6993</subfield>
  </datafield>
  <datafield tag="700" ind1=" " ind2=" ">
    <subfield code="a">Cannio Enrico</subfield>
    <subfield code="g">Codice autore SPICS: 13705</subfield>
    <subfield code="e">Autore</subfield>
    <subfield code="p">O surdato 'nnamurato</subfield>
    <subfield code="9">6994</subfield>
  </datafield>
  <datafield tag="700" ind1=" " ind2=" ">
    <subfield code="a">Mario E.A. (Gaeta Giovanni)</subfield>
    <subfield code="g">Codice autore musica SPICS: 13440</subfield>
    <subfield code="e">Autore musica</subfield>
    <subfield code="p">Canzone appassiunata</subfield>
    <subfield code="9">6995</subfield>
  </datafield>
  <datafield tag="700" ind1=" " ind2=" ">
    <subfield code="a">Capaldo Giuseppe</subfield>
    <subfield code="g">Codice autore musica SPICS: 13709</subfield>
    <subfield code="e">Autore musica</subfield>
    <subfield code="p">Comme facette mammeta?</subfield>
    <subfield code="9">6996</subfield>
  </datafield>
  <datafield tag="700" ind1=" " ind2=" ">
    <subfield code="a">Gambardella Salvatore</subfield>
    <subfield code="g">Codice autore musica SPICS: 13700</subfield>
    <subfield code="e">Autore musica</subfield>
    <subfield code="p">Comme facette mammeta? - O marenariello - Furturella</subfield>
    <subfield code="9">6997</subfield>
  </datafield>
  <datafield tag="700" ind1=" " ind2=" ">
    <subfield code="a">Costa A.</subfield>
    <subfield code="g">Codice autore musica SPICS: 13206</subfield>
    <subfield code="e">Autore musica</subfield>
    <subfield code="p">Era de maggio - Oil&#xEC;, oil&#xE0;!</subfield>
    <subfield code="9">6998</subfield>
  </datafield>
  <datafield tag="700" ind1=" " ind2=" ">
    <subfield code="a">Denza L.</subfield>
    <subfield code="g">Codice autore musica SPICS: 13907</subfield>
    <subfield code="e">Autore musica</subfield>
    <subfield code="p">Funicul&#xEC; funicul&#xE0;</subfield>
    <subfield code="9">6999</subfield>
  </datafield>
  <datafield tag="700" ind1=" " ind2=" ">
    <subfield code="a">Turco G.</subfield>
    <subfield code="g">Codice autore SPICS: 14023</subfield>
    <subfield code="e">Autore</subfield>
    <subfield code="p">Funicul&#xEC; funicul&#xE0;</subfield>
    <subfield code="9">7000</subfield>
  </datafield>
  <datafield tag="700" ind1=" " ind2=" ">
    <subfield code="a">Russo Vincenzo</subfield>
    <subfield code="g">Codice autore musica SPICS: 13669</subfield>
    <subfield code="e">Autore musica</subfield>
    <subfield code="p">Maria, Mar&#xEC;!</subfield>
    <subfield code="9">7001</subfield>
  </datafield>
  <datafield tag="700" ind1=" " ind2=" ">
    <subfield code="a">De Gregorio</subfield>
    <subfield code="g">Codice autore musica SPICS: 14020</subfield>
    <subfield code="e">Autore musica</subfield>
    <subfield code="p">Ndringhete 'ndr&#xE0;</subfield>
    <subfield code="9">7002</subfield>
  </datafield>
  <datafield tag="700" ind1=" " ind2=" ">
    <subfield code="a">Cinquegrana P.</subfield>
    <subfield code="g">Codice autore musica SPICS: 14019</subfield>
    <subfield code="e">Autore musica</subfield>
    <subfield code="p">Ndringhete 'ndr&#xE0; - Furturella</subfield>
    <subfield code="9">7003</subfield>
  </datafield>
  <datafield tag="700" ind1=" " ind2=" ">
    <subfield code="a">Ottaviano Gennaro</subfield>
    <subfield code="g">Codice autore SPICS: 13701</subfield>
    <subfield code="e">Autore</subfield>
    <subfield code="p">O marenariello</subfield>
    <subfield code="9">7004</subfield>
  </datafield>
  <datafield tag="942" ind1=" " ind2=" ">
    <subfield code="c">MD</subfield>
    <subfield code="2">ddc</subfield>
  </datafield>
  <datafield tag="952" ind1=" " ind2=" ">
    <subfield code="0">0</subfield>
    <subfield code="1">0</subfield>
    <subfield code="4">0</subfield>
    <subfield code="6">23886_000000000000000</subfield>
    <subfield code="7">1</subfield>
    <subfield code="a">SPICS</subfield>
    <subfield code="b">SPICS</subfield>
    <subfield code="d">2013-10-25</subfield>
    <subfield code="l">0</subfield>
    <subfield code="o">23886</subfield>
    <subfield code="r">2013-10-25 00:00:00</subfield>
    <subfield code="w">2013-10-25</subfield>
    <subfield code="y">MD</subfield>
    <subfield code="z">Progr. Ins.: 4733 / N.Vol.: 1 / Copie: 1 - Copia rara: n.d. / date import: 01.01.2014 - By Epidotti, Trombetti, Vaglietti</subfield>
  </datafield>
</record>
